01032nam a2200229 a 450000100100000000500170001000800410002704000250006808200150009310000400010824500750014826000370022330000280026050000320028850000630032050400330038304900090041695201280042595201130055395201190066699900170078500002214120200930011611.0100917s2000 dr a 000 0 spa d aDO-SdBNPbspacBNPHU axxxbB862b1 aBrito Ovalle, Antonio Manuel91435910aBreve manual de educación estética /cAntonio Manuel Brito Ovalle. aSanto Domingo :b[s. n.],c2000. a113 p. :bil. ;c21 cm. aIncluye índice de cuadros aIncluye datos biográficos del autor en la contracubierta aBibliografías : p. 112-113 aBNPD 001054708DSaGRbGRcCTd2011-04-19iLF1l0oxxx B862bp22141-30r2020-06-25te. 3w2020-06-25yLFDSZPréstamo en sala 0010718PDaPDbPDcCTd2010-09-17iLF1l0oxxx B862bp22141-10r2020-06-25w2020-06-25yLFPDZNo se presta 0010718PDaPDbPDcCTd2011-02-17iLF1l0oxxx B862bp22141-20r2020-06-25te. 2w2020-06-25yLFPDZNo se presta c21639d21639